General Knowledge 2022 (Record no. 240281)

MARC details
000 -LEADER
fixed length control field 00352nam a2200133Ia 4500
005 - DATE AND TIME OF LATEST TRANSACTION
control field 20250729165815.0
008 - FIXED-LENGTH DATA ELEMENTS--GENERAL INFORMATION
fixed length control field 250729s2022 xx 000 0 und d
041 ## - LANGUAGE CODE
Language code of text/sound track or separate title eng
082 ## - DEWEY DECIMAL CLASSIFICATION NUMBER
Classification number 325.25 MANG
100 ## - MAIN ENTRY--PERSONAL NAME
Personal name Manohar Pandey
9 (RLIN) 233438
245 ## - TITLE STATEMENT
Title General Knowledge 2022
260 ## - PUBLICATION, DISTRIBUTION, ETC.
Place of publication, distribution, etc. New Delhi
Name of publisher, distributor, etc. Arihant Publication
Date of publication, distribution, etc. 2022
650 ## - SUBJECT ADDED ENTRY--TOPICAL TERM
Topical term or geographic name entry element Education
9 (RLIN) 233439
Holdings
Withdrawn status Lost status Damaged status Not for loan Home library Current library Date acquired Source of acquisition Total Checkouts Full call number Barcode Date last seen Price effective from Koha item type
        St Aloysius Library St Aloysius Library 07/29/2025 Management Book   325.25 MANG BED05600 07/29/2025 07/29/2025 Book